| 000 | 00516cam a2200205ua 4500 | ||
|---|---|---|---|
| 001 | 6237 | ||
| 008 | 131125n ii |||gr||||Z||||||eng | ||
| 020 | _a81-7663-593-6 | ||
| 040 | _cMAIN | ||
| 082 | _a657 | ||
| 100 |
_aJain,S.P., _eAuthor., |
||
| 245 |
_aHigher accountancy _cBy S.P. Jain |
||
| 260 |
_aLudhiana: _bKalyani publishers, _c1996. |
||
| 300 | _avi,591p. | ||
| 653 | _aCommerce | ||
| 653 | _aHigher accountancy | ||
| 700 | 1 |
_aNarang,K.L., _eAuthor. |
|
| 700 | 1 |
_aAli,Nasim Wazid, _eAuthor. |
|
| 942 | _cBK | ||
| 999 |
_c5389 _d5389 |
||